| 000 | 00402nam a22001691a 4500 | ||
|---|---|---|---|
| 020 | _a9780195615548 | ||
| 082 |
_a519.5 _bNAG/B |
||
| 100 | _aNagar A L | ||
| 100 | _aDas R K | ||
| 245 |
_aBasic Statistics/ _cby Nagar A L and Das R K |
||
| 260 |
_aNew Delhi: _bOxford University Press, _c2000. |
||
| 300 | _a424p. | ||
| 650 | _aStatistics | ||
| 650 | _aMathematics | ||
| 650 | _aScience | ||
| 942 | _cBK | ||
| 999 |
_c4214 _d4214 |
||